El economista como predicador y otros ensayos / (Registro nro. 6718)
[ vista simple ]
| 000 -LEADER | |
|---|---|
| fixed length control field | 00927nam a22002777a 4500 |
| 003 - CONTROL NUMBER IDENTIFIER | |
| control field | OSt |
| 005 - DATE AND TIME OF LATEST TRANSACTION | |
| control field | 20200612231054.0 |
| 008 - FIXED-LENGTH DATA ELEMENTS--GENERAL INFORMATION | |
| fixed length control field | 200612t1982 sp | ||fr|||| 00| 0 spa d |
| 020 ## - INTERNATIONAL STANDARD BOOK NUMBER | |
| International Standard Book Number | 8475309577 |
| 040 ## - CATALOGING SOURCE | |
| Original cataloging agency | CO-JMCR |
| Transcribing agency | CO-JMCR |
| 041 1# - LANGUAGE CODE | |
| Language code of text/sound track or separate title | spa |
| Language code of original | eng |
| 082 04 - DEWEY DECIMAL CLASSIFICATION NUMBER | |
| Classification number | 330.023 / |
| Item number | S733e |
| Edition number | 23 |
| 100 1# - MAIN ENTRY--PERSONAL NAME | |
| Personal name | Stigler, George J., |
| Relator term | autor |
| 9 (RLIN) | 5583 |
| 245 13 - TITLE STATEMENT | |
| Title | El economista como predicador y otros ensayos / |
| Statement of responsibility, etc. | George J. Stigler ; traducción Jorge Pascual |
| 260 ## - PUBLICATION, DISTRIBUTION, ETC. | |
| Place of publication, distribution, etc. | Barcelona : |
| Name of publisher, distributor, etc. | Orbis, |
| Date of publication, distribution, etc. | ©1982 |
| 300 ## - PHYSICAL DESCRIPTION | |
| Extent | 158 páginas ; |
| Dimensions | 20 cm. |
| 490 0# - SERIES STATEMENT | |
| Series statement | Biblioteca de economía ; |
| Volume/sequential designation | 11 |
| 500 ## - GENERAL NOTE | |
| General note | Título original: The economist as preacher<br/> |
| 505 0# - FORMATTED CONTENTS NOTE | |
| Formatted contents note | ¿Economía o ética? -- La sociología de la historia de la ciencia<br/> |
| 546 ## - LANGUAGE NOTE | |
| Language note | Traducción del inglés<br/> |
| 650 14 - SUBJECT ADDED ENTRY--TOPICAL TERM | |
| Source of heading or term | Economía internacional |
| 650 14 - SUBJECT ADDED ENTRY--TOPICAL TERM | |
| Source of heading or term | Economistas |
| 650 14 - SUBJECT ADDED ENTRY--TOPICAL TERM | |
| Source of heading or term | Ética |
| 700 1# - ADDED ENTRY--PERSONAL NAME | |
| Personal name | Pascual, Jorge, |
| Relator term | traductor |
| 9 (RLIN) | 5586 |
| 942 ## - ADDED ENTRY ELEMENTS (KOHA) | |
| Source of classification or shelving scheme | Dewey Decimal Classification |
| Koha item type | Books |
| Withdrawn status | Lost status | Source of classification or shelving scheme | Damaged status | Not for loan | Collection code | Home library | Current library | Date acquired | Source of acquisition | Cost, normal purchase price | Total Checkouts | Full call number | Barcode | Date last seen | Copy number | Price effective from | Koha item type |
|---|---|---|---|---|---|---|---|---|---|---|---|---|---|---|---|---|---|
| Dewey Decimal Classification | Non-fiction | Biblioteca Pública José María del Castillo y Rada | Biblioteca Pública José María del Castillo y Rada | 04/15/2018 | Donación | 0.00 | 330.023 / S733e | 430001791 | 05/16/2024 | V.1 / Ej.1 | 06/12/2020 | Books |